Statistics for Top Ten Most Taken JetPunk Quizzes

Click here to take the quiz!

General Stats

  • This quiz has been taken 5 times
  • The average score is 4 of 10

Answer Stats

Times TakenQuiz% Correct
13,428,131Countries of the World Quiz
100%
5,315,345US States Quiz
67%
1,690,349Countries by First Two Letters
33%
2,239,564Europe Map Quiz
33%
1,957,323Fast Typing 1 to 100
33%
1,527,864Fast Typing A to Z
33%
2,637,371United States Map Quiz
33%
1,339,648U.S. Presidents Quiz
33%
2,147,318World Capitals Quiz
33%
1,590,909Fifty States in One Minute
0%

Score Distribution

Percentile by Number Answered

Percent of People with Each Score

Your Score History

You have not taken this quiz